[Event "2nd Irena Warakomska Memorial-A"]
[Site "Suwalki"]
[Date "2018.08.06"]
[Round "7"]
[White "Tihonov, Jurij"]
[Black "Ulybin, Mikhail"]
[Result "1/2-1/2"]
[WhiteElo "2385"]
[BlackElo "2512"]
[Annotator "TA"]
[PlyCount "95"]
[EventDate "2018.08.01"]
[EventType "swiss"]
[EventCountry "POL"]
[SourceTitle "playchess.com"]
[Source "ChessBase"]
[SourceQuality "1"]

{[%evp 20,95,43,35,38,32,81,80,74,20,21,20,20,23,22,22,41,18,18,18,18,18,18,-8,-3,-25,-25,-25,-16,-42,-50,-44,-11,-60,-45,-44,-25,-25,-25,-33,-25,-26,-26,-44,-40,-49,-48,-71,-71,-73,-75,-77,-71,-71,-76,-76,-76,-76,-73,-73,-76,-76,-76,-68,-74,-72,-69,-89,-89,-89,-89,-108,-108,-108,-88,-108,-88,-1760]} 1. Nf3 Nf6 2. d4 d5 3. c4 c5 4. cxd5 cxd4 5. Qxd4 Qxd5 6. Nc3 Qxd4 7. Nxd4 a6 8. g3 e5 9. Nb3 Be6 {D06: Queen's Gambit: Symmetrical and Baltic Defences} (9... Bd7 10. Bg2 Bc6 11. O-O Bxg2 12. Kxg2 Bb4 13. Bd2 Nc6 14. a3 Bxc3 15. Bxc3 Nd5 16. Rac1 Ke7 17. e4 Nxc3 18. Rxc3 {½-½ (41) Maletin,P (2572)-Stupak,K (2556) Sochi 2018}) 10. Bg2 Nc6 11. O-O {LiveBook: 8 Games} O-O-O {White is slightly better.} 12. Bg5 $146 ({Predecessor:} 12. Be3 Kc7 13. Na4 Nd5 14. Bc5 b5 15. Nc3 Nxc3 16. bxc3 {½-½ (16) Genov,P (2437)-Serafimov,T (2434) Guingamp 2011}) 12... Bxb3 13. axb3 Nd4 14. Rad1 (14. Bxf6 $16 gxf6 15. Rfd1) 14... Be7 $11 15. Bxf6 Bxf6 16. b4 Be7 17. e3 Nb5 18. Nxb5 (18. Ra1 {is interesting.} Nxc3 19. bxc3 Rd6 20. c4 Rb6 21. b5) 18... axb5 19. Ra1 {Black must now prevent Ra7.} Kc7 $1 20. Ra7 Rb8 21. Ra3 Rhd8 22. Rfa1 Kb6 23. Bf1 Rd5 24. Rc3 Rbd8 25. Rac1 e4 26. Be2 (26. Rc7 $5 {[%cal Rc7e7]} R8d7 27. Rxd7 Rxd7 28. Rc8 $17) 26... Bxb4 27. Rc7 R8d7 (27... Rf8 {keeps more tension.} 28. Bg4 Bc5 29. Rd7 Rxd7 30. Bxd7 g6) 28. Rxd7 Rxd7 {[%mdl 4096] Endgame KRB-KRB} 29. Rd1 Rd2 30. Rxd2 Bxd2 {KB-KB} 31. Kf1 Kc5 32. Bd1 Kc4 33. Ke2 Bc1 34. Bc2 f5 35. g4 g6 36. gxf5 gxf5 37. f3 exf3+ 38. Kxf3 Bxb2 39. Bxf5 h6 40. Bc8 {[#]} b6 $1 41. Ba6 Kb4 42. Ke4 Ka5 43. Bc8 b4 {[%cal Bb5b4,Bb4b3][%mdl 32] Black is better.} 44. Kd3 b3 45. h3 Kb4 46. Be6 b5 47. Bf7 Bh8 48. Ke4 $2 {[%mdl 40960] Precision: White = 54%, Black = 75%. . An unexpected result.} (48. h4 $17) 1/2-1/2

[Event "2nd Irena Warakomska Memorial-A"]
[Site "Suwalki"]
[Date "2018.08.06"]
[Round "7"]
[White "Roy, Prantik"]
[Black "Bukojemski, Adam"]
[Result "1-0"]
[WhiteElo "2377"]
[BlackElo "2233"]
[Annotator "NA"]
[PlyCount "103"]
[EventDate "2018.08.01"]
[EventType "swiss"]
[EventCountry "POL"]
[SourceTitle "playchess.com"]
[Source "ChessBase"]
[SourceQuality "1"]
[TimeControl "40/5400+30:1800+30"]

1. d4 {[%emt 0:00:00]} e6 {[%emt 0:00:00]} 2. e4 {[%emt 0:00:00]} c5 {[%emt 0:00:00]} 3. d5 {[%emt 0:00:53]} d6 {[%emt 0:01:26]} 4. c4 {[%emt 0:01:06]} exd5 {[%emt 0:00:34]} 5. exd5 {[%emt 0:00:13]} g6 {[%emt 0:01:29]} 6. Bd3 {[%emt 0:01:04]} Bg7 {[%emt 0:00:45]} 7. Ne2 {[%emt 0:00:32]} Ne7 {[%emt 0:00:14]} 8. O-O {[%emt 0:00:48]} O-O {[%emt 0:02:22]} 9. Nbc3 {[%emt 0:01:09]} Nd7 {[%emt 0:00:53]} 10. f4 {[%emt 0:00:58]} f5 {[%emt 0:01:02]} 11. Qc2 {[%emt 0:02:50]} Nf6 {[%emt 0:00:27]} 12. Bd2 {[%emt 0:01:26]} Kh8 {[%emt 0:00:46]} 13. Kh1 {[%emt 0:00:55]} Bd7 {[%emt 0:00:14]} 14. a4 {[%emt 0:01:59]} b6 {[%emt 0:00:41]} 15. Ng1 {[%emt 0:02:47]} a6 {[%emt 0:02:51]} 16. Nf3 {[%emt 0:00:15]} b5 {[%emt 0:03:03]} 17. cxb5 {[%emt 0:00:26]} Nexd5 {[%emt 0:01:35]} 18. Nxd5 {[%emt 0:00:35]} Nxd5 19. bxa6 {[%emt 0:01:34]} Qb6 {[%emt 0:03:21]} 20. Bc4 Nc7 {[%emt 0:05:03]} 21. Bc3 {[%emt 0:11:08]} d5 {[%emt 0:01:03]} 22. a5 {[%emt 0:02:31]} Qd6 {[%emt 0:04:08]} 23. Bxg7+ {[%emt 0:01:11]} Kxg7 {[%emt 0:00:02]} 24. Rad1 {[%emt 0:00:13]} Be6 {[%emt 0:08:54]} 25. Qc3+ {[%emt 0:05:05]} Rf6 {[%emt 0:01:01]} 26. Ne5 {[%emt 0:11:26]} Nxa6 {[%emt 0:02:11]} 27. Bxa6 {[%emt 0:00:47]} Rxa6 {[%emt 0:00:59]} 28. Rc1 {[%emt 0:00:52]} c4 {[%emt 0:01:56]} 29. Rfd1 {[%emt 0:00:26]} Qb8 {[%emt 0:02:11]} 30. Ra1 {[%emt 0:02:58]} h6 {[%emt 0:09:24]} 31. Re1 {[%emt 0:02:37]} Qd8 32. Nf3 {[%emt 0:01:16]} d4 {[%emt 0:03:56]} 33. Nxd4 {[%emt 0:00:23]} Bd5 34. Nc2 Qa8 {[%emt 0:04:47]} 35. Ne3 {[%emt 0:04:57]} Be4 {[%emt 0:01:48]} 36. Qxc4 {[%emt 0:02:41]} Qb8 {[%emt 0:03:20]} 37. Red1 {[%emt 0:03:18]} Ra7 {[%emt 0:01:30]} 38. Qd4 {[%emt 0:00:58]} Rb7 {[%emt 0:00:43]} 39. a6 {[%emt 0:01:29]} Ra7 {[%emt 0:02:08]} 40. b4 {[%emt 0:00:00]} Kf7 {[%emt 0:00:00]} 41. b5 {[%emt 0:00:59]} g5 {[%emt 0:04:35]} 42. Nc4 {[%emt 0:01:34]} gxf4 {[%emt 0:01:24]} 43. b6 {[%emt 0:00:36]} Re7 44. Nd6+ {[%emt 0:01:53]} Rxd6 {[%emt 0:01:03]} 45. Qxd6 {[%emt 0:00:02]} Qg8 {[%emt 0:00:07]} 46. Ra2 f3 {[%emt 0:00:43]} 47. Qg3 {[%emt 0:02:55]} fxg2+ {[%emt 0:00:10]} 48. Kg1 {[%emt 0:00:22]} Qc8 49. b7 {[%emt 0:01:15]} Qc5+ {[%emt 0:01:40]} 50. Qf2 {[%emt 0:00:08]} Qb5 {[%emt 0:00:47]} 51. Rb2 {[%emt 0:00:52]} Rd7 {[%emt 0:00:46]} 52. Re1 {[%emt 0:00:52]} 1-0

[Event "2nd Irena Warakomska Memorial-A"]
[Site "Suwalki"]
[Date "2018.08.06"]
[Round "7"]
[White "Oglaza, Oskar"]
[Black "Zgadzaj, Rafal"]
[Result "1/2-1/2"]
[WhiteElo "2364"]
[BlackElo "2154"]
[Annotator "NA"]
[PlyCount "106"]
[EventDate "2018.08.01"]
[EventType "swiss"]
[EventCountry "POL"]
[SourceTitle "playchess.com"]
[Source "ChessBase"]
[SourceQuality "1"]
[TimeControl "40/5400+30:1800+30"]

1. d4 {[%emt 0:00:00]} g6 {[%emt 0:00:00]} 2. g3 {[%emt 0:00:00]} Bg7 {[%emt 0:00:11]} 3. Bg2 {[%emt 0:00:02]} d6 {[%emt 0:02:05]} 4. c4 {[%emt 0:05:11]} Nd7 {[%emt 0:01:19]} 5. Nf3 {[%emt 0:02:24]} e5 6. Nc3 Ne7 {[%emt 0:08:04]} 7. e4 {[%emt 0:07:53]} O-O {[%emt 0:02:05]} 8. O-O c6 {[%emt 0:12:13]} 9. Be3 {[%emt 0:01:22]} Qc7 {[%emt 0:01:21]} 10. Qc2 Re8 11. Rad1 {[%emt 0:09:32]} a5 {[%emt 0:24:20]} 12. dxe5 {[%emt 0:05:13]} dxe5 {[%emt 0:01:58]} 13. c5 {[%emt 0:00:50]} Nf8 {[%emt 0:03:57]} 14. Nd2 {[%emt 0:02:27]} Be6 {[%emt 0:01:08]} 15. Na4 {[%emt 0:01:26]} Rad8 {[%emt 0:02:38]} 16. Nb6 {[%emt 0:03:29]} Nc8 {[%emt 0:04:31]} 17. Ndc4 {[%emt 0:04:33]} Bxc4 {[%emt 0:01:03]} 18. Nxc4 {[%emt 0:00:05]} Ne6 {[%emt 0:06:17]} 19. Bh3 {[%emt 0:00:31]} Rxd1 {[%emt 0:03:02]} 20. Rxd1 {[%emt 0:00:37]} Nd4 {[%emt 0:00:33]} 21. Bxd4 {[%emt 0:03:29]} exd4 {[%emt 0:00:10]} 22. Bxc8 {[%emt 0:00:08]} Rxc8 {[%emt 0:00:30]} 23. Nd6 {[%emt 0:01:03]} Rd8 {[%emt 0:06:32]} 24. f4 Rxd6 {[%emt 0:00:28]} 25. cxd6 {[%emt 0:00:40]} Qxd6 {[%emt 0:00:03]} 26. e5 {[%emt 0:03:12]} Qd5 {[%emt 0:01:14]} 27. Qb3 {[%emt 0:04:42]} Qc5 {[%emt 0:10:53]} 28. Qd3 {[%emt 0:05:27]} Bf8 29. Kf2 {[%emt 0:06:33]} Qd5 {[%emt 0:00:44]} 30. Qb3 {[%emt 0:00:43]} Qd7 {[%emt 0:03:46]} 31. Qb6 {[%emt 0:10:55]} Qd5 {[%emt 0:00:01]} 32. Qb3 {[%emt 0:01:55]} Qd7 {[%emt 0:01:05]} 33. Qc4 {[%emt 0:02:52]} b5 34. Qxd4 {[%emt 0:06:32]} Bc5 {[%emt 0:01:14]} 35. Qxc5 {[%emt 0:00:04]} Qxd1 {[%emt 0:00:07]} 36. Qxc6 {[%emt 0:02:13]} Qd2+ {[%emt 0:00:08]} 37. Kf3 {[%emt 0:00:35]} Qxb2 {[%emt 0:00:23]} 38. Qa8+ {[%emt 0:02:28]} Kg7 {[%emt 0:00:01]} 39. Qxa5 {[%emt 0:00:08]} Qxh2 {[%emt 0:00:12]} 40. Qxb5 {[%emt 0:00:00]} Qxa2 {[%emt 0:00:00]} 41. Qc6 {[%emt 0:03:45]} Qb3+ {[%emt 0:02:55]} 42. Kg2 Qd1 {[%emt 0:01:44]} 43. Qf6+ {[%emt 0:02:45]} Kg8 {[%emt 0:00:06]} 44. Kf2 {[%emt 0:01:47]} h5 {[%emt 0:00:49]} 45. Ke3 {[%emt 0:09:34]} Qe1+ {[%emt 0:01:33]} 46. Kf3 {[%emt 0:00:09]} Qf1+ {[%emt 0:00:31]} 47. Ke3 {[%emt 0:00:13]} Qg2 {[%emt 0:02:00]} 48. Qg5 {[%emt 0:01:00]} Qg1+ {[%emt 0:02:17]} 49. Kf3 {[%emt 0:01:16]} Qd1+ {[%emt 0:00:25]} 50. Ke3 {[%emt 0:00:18]} Qc1+ {[%emt 0:00:58]} 51. Kf2 {[%emt 0:02:01]} Qd2+ {[%emt 0:00:11]} 52. Kf3 {[%emt 0:00:06]} Qd3+ {[%emt 0:00:03]} 53. Kf2 {[%emt 0:00:05]} Qd2+ {[%emt 0:00:02]} 1/2-1/2

[Event "2nd Irena Warakomska Memorial-A"]
[Site "Suwalki"]
[Date "2018.08.06"]
[Round "7"]
[White "Debarshi, Mukherjee"]
[Black "Walkusz, Witoslaw"]
[Result "1-0"]
[WhiteElo "2308"]
[BlackElo "2121"]
[Annotator "NA"]
[PlyCount "59"]
[EventDate "2018.08.01"]
[EventType "swiss"]
[EventCountry "POL"]
[SourceTitle "playchess.com"]
[Source "ChessBase"]
[SourceQuality "1"]
[TimeControl "40/5400+30:1800+30"]

1. d4 {[%emt 0:00:29]} Nf6 {[%emt 0:00:00]} 2. c4 {[%emt 0:00:05]} g6 {[%emt 0:00:00]} 3. Nc3 {[%emt 0:00:06]} d5 {[%emt 0:00:00]} 4. cxd5 {[%emt 0:00:06]} Nxd5 {[%emt 0:00:02]} 5. e4 {[%emt 0:00:07]} Nxc3 {[%emt 0:00:06]} 6. bxc3 {[%emt 0:00:02]} Bg7 {[%emt 0:00:08]} 7. Nf3 {[%emt 0:00:07]} O-O {[%emt 0:00:18]} 8. Be2 {[%emt 0:00:14]} c5 {[%emt 0:00:13]} 9. O-O {[%emt 0:00:06]} Nc6 {[%emt 0:03:29]} 10. Be3 {[%emt 0:00:54]} cxd4 {[%emt 0:05:49]} 11. cxd4 {[%emt 0:00:02]} e6 {[%emt 0:00:12]} 12. Rc1 {[%emt 0:05:56]} Bd7 {[%emt 0:12:08]} 13. Qd2 {[%emt 0:06:51]} Re8 {[%emt 0:14:11]} 14. Bg5 {[%emt 0:12:49]} f6 {[%emt 0:06:08]} 15. Bh6 {[%emt 0:00:09]} Rc8 {[%emt 0:10:54]} 16. Bxg7 {[%emt 0:06:56]} Kxg7 {[%emt 0:00:01]} 17. Rfd1 {[%emt 0:00:39]} Qe7 {[%emt 0:09:59]} 18. h4 {[%emt 0:04:46]} Red8 {[%emt 0:09:41]} 19. h5 {[%emt 0:05:47]} gxh5 {[%emt 0:04:57]} 20. Qb2 {[%emt 0:12:31]} Be8 {[%emt 0:08:32]} 21. d5 {[%emt 0:03:12]} exd5 {[%emt 0:01:17]} 22. exd5 {[%emt 0:00:08]} Qb4 {[%emt 0:04:47]} 23. Qa1 {[%emt 0:02:32]} Na5 {[%emt 0:00:58]} 24. Nd4 {[%emt 0:10:34]} Bd7 {[%emt 0:01:55]} 25. Bxh5 {[%emt 0:00:20]} Rc4 {[%emt 0:02:08]} 26. Rxc4 {[%emt 0:02:14]} Qxc4 {[%emt 0:00:17]} 27. Re1 {[%emt 0:02:52]} Qxd5 {[%emt 0:00:55]} 28. Re7+ {[%emt 0:00:09]} Kh6 {[%emt 0:00:52]} 29. Ne6 {[%emt 0:05:21]} Qe5 {[%emt 0:01:33]} 30. Qxe5 {[%emt 0:00:28]} 1-0

[Event "2nd Irena Warakomska Memorial-A"]
[Site "Suwalki"]
[Date "2018.08.06"]
[Round "7"]
[White "Schippers, Maurice"]
[Black "Dmochowska, Agnieszka"]
[Result "1-0"]
[WhiteElo "2303"]
[BlackElo "2096"]
[Annotator "NA"]
[PlyCount "43"]
[EventDate "2018.08.01"]
[EventType "swiss"]
[EventCountry "POL"]
[SourceTitle "playchess.com"]
[Source "ChessBase"]
[SourceQuality "1"]
[TimeControl "40/5400+30:1800+30"]

1. e4 c5 2. Nf3 Nc6 3. d4 cxd4 4. Nxd4 Nf6 5. Nc3 d6 6. Bg5 e6 7. Qd2 a6 8. O-O-O Be7 9. f4 Bd7 10. Nf3 b5 11. e5 b4 12. exf6 bxc3 13. Qxc3 gxf6 14. Bh4 d5 15. Kb1 a5 16. f5 Rc8 17. fxe6 fxe6 18. Nd4 Ne5 19. Qg3 Ng6 20. Bd3 Kf7 21. Rhf1 Qc7 22. Bxf6 1-0

[Event "2nd Irena Warakomska Memorial-A"]
[Site "Suwalki"]
[Date "2018.08.06"]
[Round "7"]
[White "Goluch, Piotr"]
[Black "Socko, Monika"]
[Result "1/2-1/2"]
[WhiteElo "2301"]
[BlackElo "2466"]
[Annotator "ChessBase"]
[PlyCount "139"]
[EventDate "2018.08.01"]
[EventType "swiss"]
[EventCountry "POL"]
[SourceTitle "playchess.com"]
[Source "ChessBase"]
[SourceQuality "1"]
[TimeControl "40/5400+30:1800+30"]

1. e4 {[%emt 0:00:00]} c6 {[%emt 0:00:00]} 2. d4 {[%emt 0:00:56]} d5 {[%emt 0:00:00]} 3. e5 {[%emt 0:00:04]} Bf5 {[%emt 0:00:00]} 4. h4 {[%emt 0:00:04]} h5 {[%emt 0:00:00]} 5. Bd3 {[%emt 0:00:04]} Bxd3 {[%emt 0:00:23]} 6. Qxd3 {[%emt 0:00:06]} Qa5+ {[%emt 0:01:46]} 7. Nd2 {[%emt 0:04:51]} e6 {[%emt 0:00:42]} 8. Ngf3 {[%emt 0:02:01]} Qa6 {[%emt 0:03:04]} 9. c4 {[%emt 0:02:08]} Ne7 {[%emt 0:02:50]} 10. O-O {[%emt 0:15:18]} Nd7 {[%emt 0:00:40]} 11. a3 {[%emt 0:11:54]} Nf5 {[%emt 0:02:16]} 12. Qc2 {[%emt 0:00:34]} Be7 {[%emt 0:01:27]} 13. g3 {[%emt 0:01:19]} dxc4 {[%emt 0:02:04]} 14. Nxc4 {[%emt 0:00:21]} Nb6 {[%emt 0:02:24]} 15. Ne3 {[%emt 0:03:03]} Nxe3 {[%emt 0:01:26]} 16. Bxe3 {[%emt 0:00:25]} Qc4 {[%emt 0:01:05]} 17. Rac1 {[%emt 0:01:45]} Qxc2 {[%emt 0:00:56]} 18. Rxc2 {[%emt 0:00:02]} Nd5 {[%emt 0:01:19]} 19. Nd2 {[%emt 0:02:30]} f6 {[%emt 0:02:28]} 20. exf6 {[%emt 0:00:06]} gxf6 {[%emt 0:00:59]} 21. Re1 {[%emt 0:03:17]} Rd8 {[%emt 0:02:51]} 22. Nc4 {[%emt 0:02:48]} Kf7 {[%emt 0:00:52]} 23. Bc1 {[%emt 0:00:13]} Rhe8 {[%emt 0:00:50]} 24. Na5 {[%emt 0:07:54]} Rd7 {[%emt 0:00:23]} 25. Nb3 {[%emt 0:00:03]} Nc7 {[%emt 0:03:55]} 26. Be3 {[%emt 0:01:27]} Rd5 {[%emt 0:02:26]} 27. Nc1 {[%emt 0:04:33]} Rd7 {[%emt 0:03:09]} 28. Ne2 {[%emt 0:08:01]} Nd5 {[%emt 0:00:26]} 29. Bc1 {[%emt 0:00:06]} Bf8 {[%emt 0:02:32]} 30. f3 {[%emt 0:03:07]} f5 {[%emt 0:05:55]} 31. Kg2 {[%emt 0:02:06]} Bg7 {[%emt 0:03:46]} 32. Kh3 {[%emt 0:04:21]} Rh8 {[%emt 0:04:09]} 33. Bg5 {[%emt 0:04:49]} Nc7 {[%emt 0:03:56]} 34. Rd2 {[%emt 0:00:18]} Nb5 {[%emt 0:01:23]} 35. Red1 {[%emt 0:00:06]} Nc7 {[%emt 0:02:00]} 36. Rd3 {[%emt 0:01:23]} Nd5 {[%emt 0:00:39]} 37. g4 {[%emt 0:02:45]} Bf6 {[%emt 0:01:53]} 38. Bxf6 {[%emt 0:00:17]} hxg4+ {[%emt 0:10:37]} 39. fxg4 {[%emt 0:00:06]} fxg4+ {[%emt 0:00:19]} 40. Kxg4 {[%emt 0:00:00]} Nxf6+ {[%emt 0:00:00]} 41. Kh3 {[%emt 0:00:15]} Rd5 {[%emt 0:06:33]} 42. Rf1 {[%emt 0:01:35]} Rb5 {[%emt 0:02:02]} 43. Ng3 {[%emt 0:05:45]} Ke7 {[%emt 0:02:38]} 44. Rdf3 {[%emt 0:04:50]} Rh6 {[%emt 0:00:53]} 45. R1f2 {[%emt 0:02:51]} Rg6 {[%emt 0:03:01]} 46. b4 {[%emt 0:02:32]} Rd5 {[%emt 0:02:56]} 47. Rf4 {[%emt 0:03:11]} a5 {[%emt 0:02:36]} 48. Ne4 {[%emt 0:06:44]} Nxe4 {[%emt 0:02:19]} 49. Rxe4 {[%emt 0:00:02]} axb4 {[%emt 0:01:07]} 50. axb4 {[%emt 0:00:01]} Rb5 {[%emt 0:02:01]} 51. Rb2 {[%emt 0:00:12]} Rf5 {[%emt 0:01:30]} 52. Rb3 {[%emt 0:03:43]} Rf1 {[%emt 0:06:04]} 53. Rg3 {[%emt 0:03:30]} Rgf6 {[%emt 0:03:58]} 54. Rg7+ {[%emt 0:00:31]} Kd6 {[%emt 0:00:01]} 55. Rxb7 {[%emt 0:01:59]} Rg6 {[%emt 0:00:07]} 56. Kh2 {[%emt 0:02:03]} Rf2+ {[%emt 0:00:04]} 57. Kh3 {[%emt 0:00:31]} Rf3+ {[%emt 0:00:49]} 58. Kh2 {[%emt 0:00:05]} Kd5 {[%emt 0:03:53]} 59. Re5+ {[%emt 0:00:01]} Kxd4 {[%emt 0:00:04]} 60. Rg5 {[%emt 0:00:04]} Rxg5 {[%emt 0:01:59]} 61. hxg5 {[%emt 0:00:02]} Rf5 {[%emt 0:00:06]} 62. Rg7 {[%emt 0:01:29]} e5 {[%emt 0:02:17]} 63. Kg3 {[%emt 0:01:08]} e4 {[%emt 0:00:38]} 64. Kg4 {[%emt 0:00:07]} Re5 {[%emt 0:03:48]} 65. Rd7+ {[%emt 0:04:22]} Kc4 {[%emt 0:00:52]} 66. Kf4 {[%emt 0:00:43]} Re8 {[%emt 0:01:54]} 67. Ke3 {[%emt 0:00:24]} Rg8 {[%emt 0:01:47]} 68. Rd6 {[%emt 0:00:12]} Rxg5 {[%emt 0:00:40]} 69. Rxc6+ {[%emt 0:00:14]} Kxb4 {[%emt 0:00:05]} 70. Kxe4 {[%emt 0:00:05]} 1/2-1/2

[Event "2nd Irena Warakomska Memorial-A"]
[Site "Suwalki"]
[Date "2018.08.06"]
[Round "7"]
[White "Szustakowski, Antoni"]
[Black "Omelja, Artem"]
[Result "1/2-1/2"]
[WhiteElo "2300"]
[BlackElo "2445"]
[Annotator "TA"]
[PlyCount "73"]
[EventDate "2018.08.01"]
[EventType "swiss"]
[EventCountry "POL"]
[SourceTitle "playchess.com"]
[Source "ChessBase"]
[SourceQuality "1"]

{[%evp 19,73,13,25,19,0,-8,-7,-6,0,0,0,0,0,0,0,-2,-12,-62,-43,-42,10,0,0,-9,0,-11,37,33,52,60,56,40,34,20,18,16,32,24,39,22,32,34,20,24,31,10,26,5,6,0,0,0,0,0,0,0]} 1. e4 d6 2. d4 Nf6 3. Nc3 e5 4. Nf3 Nbd7 5. Bc4 Be7 6. a4 O-O 7. O-O c6 8. Re1 b6 9. h3 a6 10. Qe2 {C41: Philidor Defence} (10. Ba2 Rb8 11. Be3 b5 12. axb5 axb5 13. b4 Bb7 14. Bb3 exd4 15. Nxd4 d5 16. exd5 Bxb4 17. Bd2 cxd5 18. Ncxb5 Bxd2 19. Qxd2 {½-½ (30) Kryvoruchko,Y (2705)-Laznicka,V (2671) Brest 2018}) 10... Bb7 {LiveBook: 6 Games} 11. Ba2 b5 12. axb5 axb5 13. b4 exd4 14. Nxd4 Re8 15. Qd2 $146 ({Predecessor:} 15. Bb2 d5 16. exd5 Bxb4 {0-1 (46) Juhasz,B (2153)-Srebrnic,A (2203) Meissen 2013}) 15... Bf8 16. Bb2 g6 17. Qf4 Ne5 18. Rad1 Nh5 19. Qe3 Qh4 ({Black should try} 19... c5 $15 20. Nf3 (20. bxc5 b4 $17) 20... cxb4 21. Nxe5 Rxe5) 20. Nf3 Qe7 21. Bb3 Bg7 22. Nd2 g5 23. Ne2 Nf4 24. Bd4 Qf6 25. Nxf4 gxf4 26. Qe2 Qg6 27. Nf3 Bc8 {next ...Bxh3 is good for Black.} 28. Kh2 Kh8 29. Nxe5 Bxe5 30. Qf3 Rg8 31. Bxe5+ dxe5 32. Rg1 Qf6 $1 33. g3 Be6 $1 {The position is equal.} 34. Bxe6 fxg3+ 35. Rxg3 Qxe6 36. Rdg1 Rg6 37. Qc3 {Precision: White = 43%, Black = 67%.} 1/2-1/2

[Event "2nd Irena Warakomska Memorial-A"]
[Site "Suwalki"]
[Date "2018.08.06"]
[Round "7"]
[White "Kyc, Jerzy"]
[Black "Gumularz, Szymon"]
[Result "1/2-1/2"]
[WhiteElo "2283"]
[BlackElo "2458"]
[Annotator "TA"]
[PlyCount "56"]
[EventDate "2018.08.01"]
[EventType "swiss"]
[EventCountry "POL"]
[SourceTitle "playchess.com"]
[Source "ChessBase"]
[SourceQuality "1"]

{[%evp 21,56,19,30,9,14,0,14,0,8,0,0,0,0,0,10,0,21,8,8,0,17,11,17,0,0,0,0,0,0,0,0,-12,0,0,0,0,0]} 1. e4 c6 2. d4 d5 3. Nd2 {[%cal Bb1d2,Bd2e4,Be4g3][%mdl 32]} dxe4 4. Nxe4 Bf5 5. Ng3 Bg6 6. Nf3 Nd7 7. Bd3 e6 8. O-O Ngf6 9. Re1 Be7 10. c4 O-O 11. Bxg6 hxg6 {LiveBook: 24 Partien} 12. b3 {B18: Caro-Kann (Hauptvariante)} (12. Bf4 Qa5 13. Qc2 Rfe8 14. a3 b5 15. Ne5 bxc4 16. Nxc4 Qb5 17. Bd6 Nb6 18. Bxe7 Qxc4 19. Qxc4 Nxc4 20. Bxf6 gxf6 {½-½ (30) Sindarov,J (2430)-Abdusattorov,N (2550) Tashkent 2018}) 12... c5 {Die Stellung ist ausgeglichen.} 13. Bb2 cxd4 14. Nxd4 Qb6 $146 ({Vorgänger:} 14... a6 15. Qe2 Qc7 16. Rad1 Bb4 17. Rf1 Rfe8 18. Nf3 e5 19. Ne4 Nxe4 20. Qxe4 {½-½ (27) Ma,L (1993)-Du,Y (2103) Danzhou 2016}) 15. Qf3 Rfd8 16. Rad1 Nf8 17. Bc3 Rac8 18. Qe2 Bb4 19. Bxb4 Qxb4 20. Nf3 N8d7 21. Rd2 Nc5 22. Red1 Rxd2 23. Qxd2 Qxd2 24. Rxd2 Kf8 25. Kf1 Ke7 26. Ne5 a5 {[%cal Ba7a5,Ba5a4,Ba4b3][%mdl 32]} 27. Ke2 a4 28. Rb2 axb3 {Precision: Weiß = 34%, Schwarz = 64%.} 1/2-1/2